000 04578nam a22005177a 4500
005 20120118121543.0
010 _aB-476843-864
020 _a9788179933534
_c620.00 (set of 4 books) 155.00 each
020 _a9788179933091
035 _aB-476843-864
037 _adpl
_bBlue Berry/Ven
082 _a535
100 _aGhosh, Rupak
_952383
245 _aLight
_cby Rupak Ghosh, edited by Anupama Jauhry
260 _aNew Delhi:
_bThe Energy and Resource Institute , TERI Press,
_c2011.
270 _aDarbari Seth Block, Lodhi Road
_bNew Delhi
_e110003
_k24682100
300 _a29 p.
_bill, photos (col)
_c26 cm (Hb)
490 _aGreen science genius
_952384
500 _aIncludes glossary
650 _aLight
_952385
700 _aJauhry, Anupama
_939432
942 _2ddc
_cCH
_mGHO
_h535
999 _c61083
_d61083